|
|
|
|
| LEADER |
00970nam a2200325 4500 |
| 001 |
DLU110130713 |
| 005 |
##20111223 |
| 040 |
# |
# |
|a DLU
|b eng
|
| 041 |
# |
# |
|a eng
|
| 044 |
# |
# |
|a gw
|
| 245 |
# |
# |
|a Atomic layer deposition of tin monosulfide thin films /
|c Prasert Sinsermsuksakul ... [et al.].
|
| 653 |
# |
# |
|a Atomic layer deposition
|
| 653 |
# |
# |
|a Electro-optical materials
|
| 653 |
# |
# |
|a Photovoltaic materials
|
| 653 |
# |
# |
|a Thin films
|
| 700 |
# |
# |
|a Gordon, Roy G.
|
| 700 |
# |
# |
|a Heo, Jaeyeong.
|
| 700 |
# |
# |
|a Hock, Adam S.
|
| 700 |
# |
# |
|a Noh, Wontae.
|
| 700 |
# |
# |
|a Sinsermsuksakul, Prasert.
|
| 773 |
# |
# |
|t Advanced Energy Materials
|g Vol. 1, no. 6 (November 2011), p. 1116-1125
|
| 920 |
# |
# |
|a Phòng Tạp chí -- Trung tâm Thông tin - Thư viện Trường Đại học Đà Lạt
|
| 994 |
# |
# |
|a DLU
|
| 900 |
# |
# |
|a True
|
| 911 |
# |
# |
|a Trương Bảo Trâm Anh
|
| 925 |
# |
# |
|a G
|
| 926 |
# |
# |
|a A
|
| 927 |
# |
# |
|a BB
|
| 980 |
# |
# |
|a Thư viện Trường Đại học Đà Lạt
|